=LDR 00000nam 2200000 4500 =001 INLIS000000000810359 =005 20251129022846 =035 ##$$a 0010-1125000213 =007 ta =008 251129###########################0#ara## =020 ##$$a 9789933446734 =082 ##$$a 297.29 =084 ##$$a 297.29 t =245 ##$$a Taqrib At Tahdzib /$c Ahmad bin Ali bin Hajar al-‘Asqalani =250 ##$$a Cet. 1 =260 ##$$a Damascus-Syria :$b Muassasah Risalah,$c 2015 =300 ##$$a 1057 hlm ; $c 24 cm =520 ##$$a Ilmu Hadis / Ilmu Perawi / Rijal